| 000 | 01743nam a2200517 i 4500 | ||
|---|---|---|---|
| 001 | 56350 | ||
| 003 | KOSZ 005 | ||
| 005 | 20201216133134.0 | ||
| 008 | 050303s2004 pl a f |000 0 pol | ||
| 015 | _aUWD 2005/5706 | ||
| 020 | _a8372993572 | ||
| 035 | _a991026202419705066 | ||
| 035 | _a(PL-WaBN)b17126769-48omnis_nlop | ||
| 035 | _ab17126769 | ||
| 035 | _a(OCoLC)749841320 | ||
| 035 | _a(PL)b0000001712676 | ||
| 035 | _a(EXLNZ-48OMNIS_NETWORK)9910289199205606 | ||
| 040 |
_aWA N _cWA N _dKOSZ 005/HR |
||
| 041 | 0 | _apol | |
| 046 | _k2004 | ||
| 080 | _a658.56 | ||
| 080 | _a005.6 | ||
| 080 | _a(075.8) | ||
| 100 | 1 |
_aSzkoda, Jerzy _eAutor |
|
| 245 | 1 | 0 |
_aSterowanie jakością procesów produkcyjnych : _bteoria i praktyka / _cJerzy Szkoda. |
| 260 |
_aOlsztyn : _bWydaw. Uniwersytetu Warmińsko-Mazurskiego, _ccop. 2004. |
||
| 300 |
_a276 s. : _brys., wykr. ; _c24 cm. |
||
| 336 |
_aTekst _btxt _2rdacontent |
||
| 337 |
_aBez urządzenia pośredniczącego _bn _2rdamedia |
||
| 338 |
_aWolumin _bnc _2rdacarrier |
||
| 380 | _aKsiążki | ||
| 380 | _aPublikacje dydaktyczne | ||
| 385 |
_mPoziom nauczania _aSzkoły wyższe |
||
| 388 | _a2001- | ||
| 504 | _aBibliogr. s. 253-255. | ||
| 650 | 7 |
_aJakość produktu _2DBN |
|
| 650 | 7 | _aKontrola jakości | |
| 650 | 7 |
_aStatystyka matematyczna _2DBN |
|
| 650 | 7 |
_aZarządzanie jakością _2DBN |
|
| 655 | 7 |
_aPodręczniki akademickie _2DBN |
|
| 658 | _aZarządzanie i marketing | ||
| 710 | 2 |
_aWydawnictwo Uniwersytetu Warmińsko-Mazurskiego (Olsztyn) _4pbl |
|
| 856 |
_uhttp://koha.tu.koszalin.pl/cgi-bin/koha/opac-detail.pl?biblionumber=52414 _yKatalog online BPK |
||
| 942 |
_2UKD _cKS |
||
| 999 |
_c56350 _d56350 |
||